00459nam a22001577a 4500008004100000020001800041020001500059050002000074100002500094245006800119260004700187300001300234500002500247650001100272700001800283240323b |||||||| |||| 00| 0 eng d a9789966226310 a9966226311 aPN 81 .W34 2007 a Wafula, Ricahrd M,  a Nadharia za uhakiki wa Fasihi/c Wafula R. M. and Njogu Kimani a Kenya. bJomo Kenyatta Foundation. c2007 av,132p ; aIncludes references. aFasihi a Kimani Njogu